Generovanie testov pre prosté PLA

Bibliographic Details
Main Author: Kotešová, A. (Author)
Format: Article
Language:Slovak
PhysicalDescription:Obr. 2., lit. 5 zázn. v slov., angl.
Subjects:

MARC

LEADER 00000nab a2200000 a 4500
001 vtls000382097
003 SK-MaSNL
005 20260302232420.0
008 160204c1988 xo 0 slo
015 |a SNBRA19rr/mm-uuuuu 
035 |a CL0382219 
040 |a SNKBUCL  |b slo  |c SNKBUCL  |e AACR2 
041 0 |a slo 
044 |a xo  |c SK 
080 |a 681.325.6.001.4-192:621.382.049.77  |2 1981 
080 |a 621.382.049.77  |2 1981 
100 1 |a Kotešová, A.  |4 aut  |9 964547 
245 1 0 |a Generovanie testov pre prosté PLA  |c A. Kotešová 
300 |b Obr. 2., lit. 5 zázn. v slov., angl. 
650 0 7 |a Polia logické programovateľné  |2 snkbucl  |9 964548 
650 0 7 |a algoritmy generovania testu  |2 snkbucl  |9 964549 
655 7 |a články zo zborníkov  |2 snkbucl  |9 166140 
773 0 |t Mikrosystém 88  |d Bratislava : Dom techniky ČSVTS, 1988  |g S. 104-106 
850 |a Slovenská národná knižnica v Martine  |a MTA001 
852 |a SNK  |b KIS3GCP 
958 |a NB 
958 |a RK 
992 |a RZB 
999 |c 1542811  |d 1544741